000 00452nab a2200145Ia 4500
003 ES-SlBCS
005 20210601150521.0
008 140529s2004 xxu||||| |||| 00| 0 spa d
041 _aspa
100 1 _aRodríguez, Luis
_984712
245 0 0 _aPlanteamientos estratégicos y retribuitivos del capital humano
_c Luis Rodríguez
650 0 4 _aCapital Humano
_9139393
773 0 _tTorre de los Lujanes
_gnº. 54, 2004, págs. 121-134
_wRev481
942 _cAR
999 _c742175
_d742175